सरसों सलोनी और गेहूँ की बाली / (Record no. 213711)

MARC details
000 -LEADER
fixed length control field 00886nam a22001937a 4500
005 - DATE AND TIME OF LATEST TRANSACTION
control field 20251031120032.0
010 ## - LCCN (DPL NO)
LC control number HIN-130510
020 ## - INTERNATIONAL STANDARD BOOK NUMBER
International Standard Book Number 9789391546540
Terms of availability 225.00
035 ## - SYSTEM CONTROL NUMBER
System control number HN-102856
037 ## - SOURCE OF ACQUISITION
Source of stock number/acquisition DBAD
082 ## - DEWEY DECIMAL CLASSIFICATION NUMBER
Classification number 821
100 ## - MAIN ENTRY--PERSONAL NAME
Personal name त्रिपाठी सियारमण
245 ## - TITLE STATEMENT
Title सरसों सलोनी और गेहूँ की बाली /
Statement of responsibility, etc त्रिपाठी सियारमण ; प्रभाकर पाठक द्वारा संपादित
260 ## - PUBLICATION, DISTRIBUTION, ETC. (IMPRINT)
Place of publication, distribution, etc नई दिल्ली
Name of publisher, distributor, etc शब्दाकुर प्रकाशक
Date of publication, distribution, etc 2021
270 ## - ADDRESS
Address जे-41,मदनगीर
City नई दिल्ली
Postal code 110062
300 ## - PHYSICAL DESCRIPTION
Extent 103पृ.
Dimensions 22सेमी (सजिल्द )
700 ## - ADDED ENTRY--PERSONAL NAME
Personal name पाठक, प्रभाकर
9 (RLIN) 85607
942 ## - ADDED ENTRY ELEMENTS (KOHA)
Source of classification or shelving scheme Dewey Decimal Classification
Item type Hindi Books
Classification part 821
Call number suffix त्रिपाठी
Holdings
Withdrawn status Lost status Not for loan Collection code Home library Current library Date acquired Source of acquisition Cost, normal purchase price Full call number Barcode Copy number Cost, replacement price Koha item type
      Non-fiction Mobile Library Mobile Library 31/10/2025 DBAD 225.00 821 त्रिपाठी HN-102856 1 225.00 Hindi Books

© Delhi Public Library
Hit Counter
free hit counter